A simulation methodology for large scale reliability systems.

Bibliographic Details
Main Author: Gonzalez-Vega, Ofelia
Other Authors: Deuermeyer, Bryan L. (degree committee member.), Pooch, Udo W. (degree committee member.)
Format: Thesis Book
Language:English
Published: 1987.
Subjects:
Online Access:Link to ProQuest copy
Link to OAKTrust copy

MARC

Tag First Indicator Second Indicator Subfields
LEADER 00000ctm a2200000Ia 4500
001 in00000024620
005 20220104090754.0
008 880727s1987 xx a bm 000 0 eng d
035 |9 AAB4762AM 
035 |a (OCoLC)18276349 
035 |a (OCoLC)ocm18276349 
040 |a TXA  |b eng  |c TXA  |d OCLCQ  |d OCLCF  |d OCLCO  |d OCLCQ  |d UMI  |d TXA 
049 |a TXAM 
099 |a 1987  |a Dissertation  |a G6435 
100 1 |a Gonzalez-Vega, Ofelia. 
245 1 2 |a A simulation methodology for large scale reliability systems. 
264 1 |c 1987. 
300 |a xi, 197 leaves :  |b illustrations ;  |c 29 cm 
336 |a text  |b txt  |2 rdacontent 
337 |a unmediated  |b n  |2 rdamedia 
338 |a volume  |b nc  |2 rdacarrier 
500 |a Typescript (photocopy). 
500 |a Vita. 
502 |b Ph. D. in Industrial Engineering  |c Texas A & M University  |d 1987 
504 |a Includes bibliographical references (leaves 72-75). 
520 3 |a In recent years, the assessment of the reliability and availability of complex systems has played an increasingly important role in the analysis, design, and operation of these systems. A very important element in the design and operation of a system is the estimation of the impact of the logistic support on the system availability. Analytical methods for this complex problem are in general intractable, and simulation techniques that specifically address the problem are scarce and with limited capabilities. This research provides a powerful methodology that can model the effect of such logistic characteristics as inventory, transportation, and facilities on the reliability and availability of large scale systems. Some of the most important features of the current implementation of the simulation methodology are: (1) No assumptions about the topology of the reliability block diagram are required, except that it must have a single source and sink node. (2) In-site and off-site repair facilities and the effect of the number of repairmen on the availability and reliability of the system are treated. (3) Different failure modes are allowed for each of the lowest level components. (4) The effect of the inventory level of specified components on system availability is predicted. (5) Delays such as inspection and transportation times can be included. (6) Input and output formats are specifically designed for large scale reliability problems. (7) The methodology is straightforward and very easy to use. The methodology is implemented via a program written in Pascal (SIMULAV). It consists of three main elements: a process oriented simulation language, a minimal cut-sets algorithm, and a simulation model. The simulation model estimates the reliability and availability of a complex system considering its logistic support. It is implemented using the process oriented simulation language and it uses the minimal cut-sets to determine the status of the system (up or down). The methodology is partially verified by modeling a problem for which an analytical solution exists. Also, the current implementation of the methodology is compared against an implementation written in a general purpose simulation language (SIMAN). It is shown that general purpose simulation languages are not suited for implementing this methodology. A complex reliability system is modeled to show some of SIMULAV's capabilities. 
650 0 |a Maintainability (Engineering) 
650 0 |a Reliability (Engineering) 
650 0 |a Systems engineering  |x Data processing. 
650 4 |a Major industrial engineering. 
655 7 |a Academic theses  |2 lcgft 
700 1 |a Deuermeyer, Bryan L.,  |e degree committee member. 
700 1 |a Foster, Joseph W.,  |e degree supervisor. 
700 1 |a Hogg, Gary L.,  |e degree supervisor. 
700 1 |a Pooch, Udo W.,  |e degree committee member. 
710 2 |a Texas A & M University,  |e degree granting institution. 
856 4 1 |u http://proxy.library.tamu.edu/login?url=http://proquest.umi.com/pqdweb?did=753400571&sid=1&Fmt=2&clientId=2945&RQT=309&VName=PQD  |z Link to ProQuest copy  |t 0 
856 4 1 |u https://hdl.handle.net/1969.1/DISSERTATIONS-28172  |z Link to OAKTrust copy  |t 0 
994 |a C0  |b TXA 
999 f f |s 91c2589f-81f0-3a36-95dd-9ab14a09f0da  |i 572d228b-b5fb-3965-8620-4123cb4d60c5  |t 0 
952 f f |p noncirc  |a Texas A&M University  |b J.J. Pickle Campus  |c High Density Repository  |s HDR  |d Remote Storage  |t 0  |e 1987 Dissertation G6435  |h Other scheme  |i unmediated -- volume  |m A14839627357 
952 f f |a Texas A&M University  |b College Station  |c Electronic Resources  |s www_evans  |d Available Online  |t 0  |e 1987 Dissertation G6435  |h Other scheme 
998 f f |a 1987 Dissertation G6435  |t 0  |l Remote Storage 
998 f f |a 1987 Dissertation G6435  |t 0  |l Available Online